000 00631nam a2200217 4500
003 OSt
005 20160628175659.0
008 160628b xxu||||| |||| 00| 0 eng d
020 _a0443100837
040 _c040a
082 _aW 18
_bP881j 2005
245 _aA practical guide for medical teachers /
_cJohn A Dent, Ronald M. Harden
250 _a2nd.ed
260 _aEdinburgh
_bElsevier
_c2005
300 _axii, 436p;
_bill :
_c18 cm.
504 _aIncludes bibliographical references and index
650 _aPractical guide
_99709
700 _aDent, John A.
_99710
700 _aHarden, Ronald M.
_99711
942 _2z
_cO_SHELF
999 _c4529
_d4529